| 000 | 01098nam a2200241Ia 4500 | ||
|---|---|---|---|
| 003 | Ost | ||
| 005 | 20260507075130.0 | ||
| 008 | 260507s9999||||xx |||||||||||||| ||und|| | ||
| 020 | _a2682409960 | ||
| 040 | _cfsecg | ||
| 041 | _aara | ||
| 082 | _a330 | ||
| 100 |
_aفوبر فليد، أودو _eمؤلف |
||
| 245 | 0 |
_aخطة العمل لإنطلاقة ناجحة : _bالتحديات- البناء- التكوين- التقديم / _c أودو فوبر فليد |
|
| 260 |
_aالرياض: _bمكتبة العبيكان, _c2005 |
||
| 300 |
_a244 صفحة؛ _bإيضاحات ؛ _c21 سم |
||
| 520 | _aالتخطيط في العمل هو الخطوة الأولى نحو النجاح- مكونات خطة العمل- المؤسسة( المشروع)- الإدارة والعناصر العاملة خطوات تطوير المؤسسة- السوق وحالة المنافسة- الفرص والمجازفات. | ||
| 653 | _aإدارة الأعمال | ||
| 653 | _aالإدارة | ||
| 653 | _aالعمل | ||
| 700 |
_aغازي، أحمد أنيس _eمؤلف ثانوي |
||
| 942 | _cكتاب | ||
| 999 |
_c43209 _d43209 |
||